Gra towarzyska, która nie jest ani karcianką, ani planszówką, idealna - Statystyki

Ogólne statystyki
  • Ten quiz został rozwiązany 13 razy
  • Średni wynik to 2 z 6
Statystyki odpowiedzi
Odpowiedź % Poprawnych
Kalambury
80%
Państwa miasta
50%
Statki
40%
Bierki
30%
Kółko krzyżyk
10%
Głuch telefon
0%
Nie znaleziono quizów pasujących do podanych kryteriów
Rozkład punktacji
Procent ludzi z każdym wynikiem
Percentyl według liczby udzielonych odpowiedzi
Twoja historia wyników
Nie rozwiązałeś tego quizu